000 01358cam a2200337 a 4500
999 _c1
_d1
001 15197752
003 OSt
005 20190611125134.0
008 080228s2009 njua 001 0 eng
010 _a 2008009338
020 _a0135026458
020 _a9780135026458
035 _a(OCoLC)ocn212627321
035 _a(OCoLC)212627321
040 _aDLC
_cDLC
_dBAKER
_dBTCTA
_dYDXCP
_dC#P
_dBWX
_dDLC
050 0 0 _aQA76.8.I292
_bB75 2009
082 0 0 _a004.165
_222
100 1 _aBrey, Barry B.
245 1 4 _aThe Intel microprocessors :
_b8086/8088, 80186/80188, 80286, 80386, 80486, Pentium, Pentium Pro processor, Pentium II, Pentium III, Pentium 4, and Core2 with 64-bit extensions : architecture, programming, and interfacing /
_cBarry B. Brey.
250 _a8th ed.
260 _aUpper Saddle River, N.J. :
_bPearson Prentice Hall,
_cc2009.
300 _axviii, 925 p. :
_bill. ;
_c26 cm.
500 _aIncludes index.
650 0 _aIntel 80xxx series microprocessors.
650 0 _aPentium (Microprocessor)
650 0 _aComputer interfaces.
856 4 1 _3Table of contents only
_uhttp://www.loc.gov/catdir/toc/ecip0812/2008009338.html
906 _a7
_bcbc
_corignew
_d1
_eecip
_f20
_gy-gencatlg
942 _2ddc
_cBK